000
00445nam a2200145Ia 4500
008
100122s9999 xx 000 0 und d
082
_b
12173
_a
823
100
_a
साठे अण्णाभाऊ
245
_a
केवड्याचे कणीस
260
_b
दि.कृ.पै
_c
1963
300
_a
91
630
_a
केवड्याचे कणीस
730
_a
केवड्याचे कणीस
942
_c
BOOK
999
_c
403374
_d
403371